Top 10 Poorest US Cities - Statistics

General Stats
  • This quiz has been taken 82 times
  • The average score is 7 of 10
Answer Stats
Rank City State % Correct
1 Detroit Michigan
99%
2 Cleveland Ohio
96%
8 Jackson Mississippi
80%
5 Newark New Jersey
77%
3 Hartford Connecticut
75%
6 Rochester New York
69%
4 Dayton Ohio
68%
7 Syracuse New York
62%
9 Toledo Ohio
61%
10 Allentown Pennsylvania
46%
No matching quizzes found
Score Distribution
Percent of People with Each Score
Percentile by Number Answered
Your Score History
You have not taken this quiz